01609nam a2200361 a 4500001001200000003000800012006001900020007001500039008004100054010001700095020002700112040002100139035002100160050002600181082001500207245016100222260003600383300002300419490004100442504005100483505019600534533015200730650003200882650001900914650003300933655002900966700003000995700002401025710001701049830003801066856012601104999001701230ebr10661515CaPaEBRm u cr cn|||||||||120911s2013 njua sb 001 0 eng d z 2012034409 z9781118221907 (e-book) aCaPaEBRcCaPaEBR a(OCoLC)83462025814aHD9502.A2bE54 2013eb04a333.7922300aEnergy financeh[electronic resource] :banalysis and valuation, risk management, and the future of energy /ceditors, Betty J. Simkins, Russell E. Simkins. aHoboken, N.J. :bWiley,cc2013. axi, 606 p. :bill.1 aThe Robert W. Kolb series in finance aIncludes bibliographical references and index.0 apt. 1. An overview of energy finance and economics -- pt. 2. Financial and economic analysis in the energy industry -- pt. 3. Energy risk management and related topics -- pt. 4. Case studies. aElectronic reproduction.bPalo Alto, Calif. :cebrary,d2013.nAvailable via World Wide Web.nAccess may be limited to ebrary affiliated libraries. 0aEnergy industriesxFinance. 0aEnergy policy. 0aRenewable natural resources. 7aElectronic books.2local1 aSimkins, Betty J.,d1957-1 aSimkins, Russell E.2 aebrary, Inc. 0aRobert W. Kolb series in finance.40uhttp://site.ebrary.com/lib/rucke/Doc?id=10661515zAn electronic book accessible through the World Wide Web; click to view c66813d66813